| Tag |
First Indicator |
Second Indicator |
Subfields |
| LEADER |
00000cam a2200000 a 4500 |
| 001 |
in00000352425 |
| 005 |
20220103114847.0 |
| 007 |
cr unu a |
| 008 |
830909s1982 xx a b 00010 eng d |
| 035 |
|
|
|9 ABN1387AM
|
| 035 |
|
|
|a (OCoLC)09892799
|
| 040 |
|
|
|a TXA
|c TXA
|d UtOrBLW
|
| 043 |
|
|
|a a-ph---
|
| 049 |
|
|
|a TXAZ [Also in] [Archives]
|c 1 [1807952], 2 [1807953]
|
| 099 |
|
|
|a 1982
|a Thesis
|a T161
|
| 100 |
1 |
|
|a Tan, Michael Lim.
|
| 245 |
1 |
0 |
|a Social structure and the traditional medical system in the Philippines /
|c by Michael Lim Tan.
|
| 264 |
|
1 |
|a [Place of publication not identified] :
|b [publisher not identified] ;
|c 1982.
|
| 300 |
|
|
|a xiii, 275 leaves :
|b illustrations ;
|c 29 cm.
|
| 336 |
|
|
|a text
|b txt
|2 rdacontent
|
| 337 |
|
|
|a computer
|b c
|2 rdamedia
|
| 338 |
|
|
|a online resource
|b cr
|2 rdacarrier
|
| 500 |
|
|
|a "Major subject: Anthropology."
|
| 500 |
|
|
|a Typescript (photocopy).
|
| 500 |
|
|
|a Vita.
|
| 502 |
|
|
|b M.S.
|c Texas A&M University
|d 1982.
|
| 504 |
|
|
|a Bibliography: leaves 241-271.
|
| 530 |
|
|
|a Also available online.
|
| 650 |
|
0 |
|a Medical anthropology
|z Philippines.
|
| 650 |
|
0 |
|a Social change
|z Philippines.
|
| 650 |
|
0 |
|a Social conflict
|z Philippines.
|
| 650 |
|
0 |
|a Traditional medicine
|z Philippines.
|
| 650 |
|
4 |
|a Major anthropology.
|
| 856 |
4 |
1 |
|u https://hdl.handle.net/1969.1/ETD-TAMU-1982-THESIS-T161
|z Link to OAKTrust copy
|t 0
|
| 999 |
|
|
|a MARS
|
| 999 |
f |
f |
|s f8718631-20a5-3144-9ad3-fc202ad16d2d
|i 566b3cc8-81e5-302e-a8f0-04d2cac6c3bd
|t 0
|
| 952 |
f |
f |
|p noncirc
|a Texas A&M University
|b J.J. Pickle Campus
|c High Density Repository
|s HDR
|d Remote Storage
|t 0
|e 1982 Thesis T161
|h Other scheme
|i computer -- online resource
|m A14841013360
|
| 952 |
f |
f |
|a Texas A&M University
|b College Station
|c Electronic Resources
|s www_evans
|d Available Online
|t 0
|e 1982 Thesis T161
|h Other scheme
|
| 998 |
f |
f |
|a 1982 Thesis T161
|t 0
|l Available Online
|
| 998 |
f |
f |
|a 1982 Thesis T161
|t 0
|l Remote Storage
|